| 000 | 01090pam a2200373 a 4500 | ||
|---|---|---|---|
| 999 |
_c346 _d346 |
||
| 001 | 017535731 | ||
| 003 | UkOxU | ||
| 005 | 20190807085302.0 | ||
| 008 | 101018s2011 enka 001 0 eng c | ||
| 015 |
_aGBB0C4346 _2bnb |
||
| 020 | _a9780007395828 (hbk.) : | ||
| 020 | _a0007395825 (hbk.) : | ||
| 035 | _a(WlAbNL)vtls006093877 | ||
| 035 | _a(Uk)015673560 | ||
| 038 | _aUk | ||
| 040 |
_aStDuBDS _beng _cStDuBDS _dWlAbNL _dUkOxU |
||
| 042 | _aukscp | ||
| 082 | 0 | 4 |
_a523.1 COX _222 |
| 100 | 1 |
_aCox, Brian, _d1968- _eauthor |
|
| 245 | 1 | 0 |
_aWonders of the universe / _cBrian Cox & Andrew Cohen. |
| 260 |
_aLondon : _bCollins, _cc2011. |
||
| 300 |
_a256 p. : _bill. (chiefly col.) ; _c29 cm. |
||
| 490 | _aBBC TV series | ||
| 500 | _a"BBC"--Cover. | ||
| 500 | _aTV tie-in. | ||
| 500 | _aIncludes index. | ||
| 651 | 0 |
_aUniverse _vPopular works. |
|
| 651 | 0 |
_aUniverse _vPictorial works. |
|
| 700 | 1 |
_aCohen, Andrew _c(Scientist) _eauhtor |
|
| 710 | 2 | _aBritish Broadcasting Corporation. | |
| 942 |
_2ddc _cNFIC |
||